[Event "Castelldefels Llobregat op 2nd"]
[Site "Castelldefels"]
[Date "2021.11.30"]
[Round "1"]
[White "Moll, Arne"]
[Black "Krzyzanowski, Marcin"]
[Result "0-1"]
[WhiteElo "2224"]
[BlackElo "2510"]
[PlyCount "84"]
[EventDate "2021.11.30"]
[EventType "swiss"]
[EventRounds "9"]
[EventCountry "ESP"]
[SourceTitle "CBM 205 Extra"]
[Source "ChessBase"]
[SourceDate "2022.01.31"]
[SourceVersion "1"]
[SourceVersionDate "2022.01.31"]
[SourceQuality "1"]

1. e4 g6 2. d4 Bg7 3. Nc3 c6 4. f4 d5 5. e5 Qb6 6. Nf3 Bg4 7. Be2 Nh6 8. h3 Bxf3 9. Bxf3 Nf5 10. Ne2 e6 11. 0-0 c5 12. dxc5 Qxc5+ 13. Kh2 Nc6 14. c3 h5 15. Qd3 a5 16. a4 g5 17. fxg5 Nxe5 18. Qb5+ Qxb5 19. axb5 Nd6 20. Nd4 Nxf3+ 21. Rxf3 Bxd4 22. cxd4 Nxb5 23. Rb3 Nxd4 24. Rxb7 0-0 25. Bf4 Nc6 26. Re1 Rfe8 27. g6 fxg6 28. Rc7 Nd8 29. Be5 Nf7 30. Bd4 e5 31. Rf1 Nh8 32. Be3 Rf8 33. Rfc1 d4 34. Bg5 Rf5 35. h4 Re8 36. Rd7 Rf7 37. Rd6 Rb7 38. Bf6 Nf7 39. Ra6 d3 40. Rd1 Rd7 41. Rxa5 e4 42. g4 Nh6 0-1

[Event "Speed Chess Super Swiss"]
[Site "Chess.com INT"]
[Date "2020.10.03"]
[Round "3"]
[White "Moll, Arne"]
[Black "Kohler, Aran"]
[Result "1-0"]
[WhiteElo "2217"]
[BlackElo "2121"]
[PlyCount "51"]
[EventDate "2020.10.03"]
[EventType "swiss (blitz)"]
[EventRounds "15"]
[EventCountry "USA"]
[SourceTitle "CBM 198 Extra"]
[Source "ChessBase"]
[SourceDate "2020.11.30"]
[SourceVersion "1"]
[SourceVersionDate "2020.11.30"]
[SourceQuality "1"]

1. e4 c5 2. Nf3 d6 3. d4 cxd4 4. Nxd4 Nf6 5. Nc3 a6 6. Rg1 e5 7. Nf5 Bxf5 8. exf5 d5 9. Bg5 d4 10. Bxf6 Qxf6 11. Nd5 Qd6 12. Bc4 Nd7 13. Qh5 Rc8 14. Bb3 g6 15. fxg6 Qxg6 16. Qh3 Bh6 17. f4 exf4 18. 0-0-0 f3+ 19. Kb1 f2 20. Rgf1 Qe6 21. Nc7+ Rxc7 22. Bxe6 fxe6 23. Qxe6+ Kd8 24. Qxh6 Rf8 25. Rxd4 Kc8 26. Rxd7 1-0

[Event "Speed Chess Super Swiss"]
[Site "Chess.com INT"]
[Date "2020.10.03"]
[Round "14"]
[White "Moll, Arne"]
[Black "Sava, Christiansen"]
[Result "0-1"]
[WhiteElo "2217"]
[BlackElo "2004"]
[PlyCount "72"]
[EventDate "2020.10.03"]
[EventType "swiss (blitz)"]
[EventRounds "15"]
[EventCountry "USA"]
[SourceTitle "CBM 198 Extra"]
[Source "ChessBase"]
[SourceDate "2020.11.30"]
[SourceVersion "1"]
[SourceVersionDate "2020.11.30"]
[SourceQuality "1"]

1. e4 c6 2. Bc4 d5 3. Bb3 dxe4 4. Qh5 g6 5. Qh4 Nf6 6. Nc3 Bg7 7. f3 exf3 8. Nxf3 0-0 9. d4 Bg4 10. 0-0 Bxf3 11. Rxf3 Nbd7 12. Bh6 Nb6 13. Rd1 Nbd5 14. Nxd5 cxd5 15. Rdf1 a5 16. Rh3 Re8 17. Bxg7 Kxg7 18. Qh6+ Kg8 19. Rxf6 exf6 20. Qxh7+ Kf8 21. Qh6+ Ke7 22. Re3+ Kd6 23. Qf4+ Kc6 24. Rc3+ Kb6 25. Ba4 Re1+ 26. Kf2 Re6 27. Rb3+ Ka7 28. Rb5 b6 29. Qf3 Rd6 30. Bb3 Rc8 31. c3 Qh8 32. Bxd5 Qh4+ 33. Kf1 Qxh2 34. Bb3 Qh1+ 35. Kf2 Qh4+ 36. Kf1 Re8 0-1

[Event "Speed Chess Super Swiss"]
[Site "Chess.com INT"]
[Date "2020.10.03"]
[Round "2"]
[White "Moll, Arne"]
[Black "Spangenberg, Hugo"]
[Result "0-1"]
[WhiteElo "2217"]
[BlackElo "2469"]
[PlyCount "70"]
[EventDate "2020.10.03"]
[EventType "swiss (blitz)"]
[EventRounds "15"]
[EventCountry "USA"]
[SourceTitle "CBM 198 Extra"]
[Source "ChessBase"]
[SourceDate "2020.11.30"]
[SourceVersion "1"]
[SourceVersionDate "2020.11.30"]
[SourceQuality "1"]

1. e4 c5 2. Nf3 Nc6 3. Nc3 g6 4. d4 cxd4 5. Nxd4 Bg7 6. Be3 Nf6 7. f4 0-0 8. e5 Ne8 9. Bc4 Nc7 10. 0-0 Ne6 11. Nxe6 dxe6 12. Qf3 a6 13. Rad1 Qa5 14. Ne4 Nb4 15. Qf2 Nd5 16. Bxd5 exd5 17. Bb6 Qxa2 18. Nc3 Qxb2 19. Nxd5 Bg4 20. Nxe7+ Kh8 21. Rd6 a5 22. h3 Be6 23. Bd4 Qb5 24. Rb6 Qd7 25. Bc5 Rfe8 26. Qf3 Rxe7 27. Bxe7 Qxe7 28. Rxb7 Qe8 29. Ra1 a4 30. Rab1 a3 31. R7b4 a2 32. Ra1 Bf8 33. Rb2 Bc5+ 34. Kh2 Bc4 35. Qc3 Qe6 0-1

[Event "Speed Chess Super Swiss"]
[Site "Chess.com INT"]
[Date "2020.10.03"]
[Round "13"]
[White "Riline Orso, Alejandro"]
[Black "Moll, Arne"]
[Result "1-0"]
[WhiteElo "2143"]
[BlackElo "2217"]
[PlyCount "79"]
[EventDate "2020.10.03"]
[EventType "swiss (blitz)"]
[EventRounds "15"]
[EventCountry "USA"]
[SourceTitle "CBM 198 Extra"]
[Source "ChessBase"]
[SourceDate "2020.11.30"]
[SourceVersion "1"]
[SourceVersionDate "2020.11.30"]
[SourceQuality "1"]

1. d4 Nf6 2. c4 g6 3. Nc3 Bg7 4. Nf3 0-0 5. g3 d6 6. Bg2 Nc6 7. 0-0 e5 8. d5 Ne7 9. Ne1 Nd7 10. Nd3 f5 11. Rb1 a5 12. Bg5 Nf6 13. e4 Nh5 14. exf5 Bxf5 15. Ne4 h6 16. Be3 Nf6 17. f3 Nxe4 18. fxe4 Bd7 19. Rxf8+ Qxf8 20. c5 Nc8 21. cxd6 Nxd6 22. Nc5 Qe7 23. Nxd7 Qxd7 24. Rc1 Rc8 25. Qd2 Qb5 26. b3 Qb4 27. Bxh6 Qd4+ 28. Qxd4 exd4 29. Bxg7 Kxg7 30. e5 Nf5 31. d6 c6 32. Bh3 Re8 33. Bxf5 gxf5 34. Rc5 d3 35. Kf2 b6 36. d7 Rd8 37. e6 Kf6 38. Rxc6 Ke7 39. Rxb6 Rh8 40. h4 1-0

[Event "Speed Chess Super Swiss"]
[Site "Chess.com INT"]
[Date "2020.10.03"]
[Round "8"]
[White "Swicarz, Maciej"]
[Black "Moll, Arne"]
[Result "1-0"]
[WhiteElo "2341"]
[BlackElo "2217"]
[PlyCount "111"]
[EventDate "2020.10.03"]
[EventType "swiss (blitz)"]
[EventRounds "15"]
[EventCountry "USA"]
[SourceTitle "CBM 198 Extra"]
[Source "ChessBase"]
[SourceDate "2020.11.30"]
[SourceVersion "1"]
[SourceVersionDate "2020.11.30"]
[SourceQuality "1"]

1. c4 e6 2. Nc3 d5 3. d4 Nf6 4. Bg5 Be7 5. cxd5 Nxd5 6. Bxe7 Qxe7 7. e4 Nxc3 8. bxc3 0-0 9. Nf3 b6 10. Bd3 Bb7 11. 0-0 c5 12. Re1 cxd4 13. cxd4 Nd7 14. Rc1 Rac8 15. Qd2 Nf6 16. Qf4 Rfd8 17. d5 exd5 18. e5 Ne4 19. Nd4 Rxc1 20. Qxc1 Nc5 21. Bb1 Ne4 22. f3 Nc5 23. Nf5 Qd7 24. Qg5 Ne6 25. Qg4 Qb5 26. Qh4 Qc5+ 27. Kh1 Qc3 28. f4 d4 29. Rg1 d3 30. Ne7+ Kf8 31. f5 Nf4 32. Qxf4 Kxe7 33. Qg5+ Ke8 34. Qxg7 d2 35. e6 Bxg2+ 36. Qxg2 d1Q 37. Qg8+ Ke7 38. Qxf7+ Kd6 39. Rxd1+ Kc6 40. Be4+ Kb5 41. Rxd8 Qe1+ 42. Kg2 Qxe4+ 43. Kg3 Qe3+ 44. Kg4 Qe4+ 45. Kg5 h6+ 46. Kg6 Qg4+ 47. Kh7 Qh4 48. Qe8+ Ka6 49. Rd7 Qf6 50. Rf7 Qg5 51. Qc8+ Ka5 52. Rxa7+ Kb4 53. Qf8+ Kb5 54. Qe8+ Kb4 55. Qe7+ Qxe7+ 56. Rxe7 1-0

[Event "Titled Tuesday intern op 7th July"]
[Site "Chess.com INT"]
[Date "2020.07.07"]
[Round "3"]
[White "De Souza Sa, Apolo"]
[Black "Moll, Arne"]
[Result "1-0"]
[WhiteElo "1920"]
[BlackElo "2217"]
[PlyCount "79"]
[EventDate "2020.07.07"]
[EventType "swiss (blitz)"]
[EventRounds "10"]
[EventCountry "USA"]
[SourceTitle "CBM 197 Extra"]
[Source "ChessBase"]
[SourceDate "2020.09.30"]
[SourceVersion "1"]
[SourceVersionDate "2020.09.30"]
[SourceQuality "1"]

1. d4 d5 2. c4 Nc6 3. Nf3 Bg4 4. e3 e5 5. cxd5 Qxd5 6. Nc3 Bb4 7. dxe5 Qxd1+ 8. Kxd1 0-0-0+ 9. Kc2 Bxc3 10. Kxc3 Nge7 11. Be2 Nd5+ 12. Kb3 Bxf3 13. Bxf3 Nxe5 14. Be4 c5 15. a3 Rhe8 16. Kc2 Nf6 17. Bf5+ Kc7 18. Bd2 g6 19. Bh3 Ne4 20. Be1 Nd3 21. Bc3 Ndxf2 22. Rhf1 Nxh3 23. Rxf7+ Rd7 24. Rxd7+ Kxd7 25. gxh3 Nxc3 26. bxc3 Rxe3 27. Rf1 Ke6 28. Rf8 Rxh3 29. Re8+ Kd7 30. Ra8 a6 31. Rb8 Rxh2+ 32. Kb3 Kc6 33. a4 g5 34. Rg8 h6 35. Kc4 Rh4+ 36. Kb3 b5 37. Rg6+ Kd5 38. Rxa6 bxa4+ 39. Kc2 Rh2+ 40. Kd3 1-0

[Event "Titled Tuesday intern op 7th July"]
[Site "Chess.com INT"]
[Date "2020.07.07"]
[Round "7"]
[White "Moll, Arne"]
[Black "Malinovsky, Rostyslav"]
[Result "1/2-1/2"]
[WhiteElo "2217"]
[BlackElo "2174"]
[PlyCount "242"]
[EventDate "2020.07.07"]
[EventType "swiss (blitz)"]
[EventRounds "10"]
[EventCountry "USA"]
[SourceTitle "CBM 197 Extra"]
[Source "ChessBase"]
[SourceDate "2020.09.30"]
[SourceVersion "1"]
[SourceVersionDate "2020.09.30"]
[SourceQuality "1"]

1. e4 c5 2. Nf3 e6 3. d4 cxd4 4. Nxd4 Nc6 5. Nc3 Qc7 6. g3 a6 7. Bg2 Nf6 8. 0-0 Be7 9. Be3 0-0 10. f4 d6 11. g4 Nxd4 12. Bxd4 e5 13. g5 exd4 14. gxf6 Bxf6 15. Nd5 Qd8 16. Qd3 Be6 17. Nxf6+ Qxf6 18. f5 Bd7 19. Rfd1 Rac8 20. Qxd4 Qxd4+ 21. Rxd4 Rxc2 22. Rxd6 Bc6 23. b3 Re8 24. Rd4 h6 25. a4 Re2 26. Rad1 Bxe4 27. Bxe4 R2xe4 28. Rxe4 Rxe4 29. Rd8+ Kh7 30. Rd7 Rb4 31. Rxf7 Kg8 32. Rc7 Rxb3 33. Kg2 b5 34. axb5 axb5 35. Rb7 b4 36. h4 Rb2+ 37. Kg3 b3 38. Kh3 Rb1 39. Kg2 b2 40. Kh2 Kf8 41. Kg2 Ke8 42. Kh2 Kd8 43. Kg2 Kc8 44. Rb3 Kd7 45. Rb6 Ke7 46. Kh2 Kd7 47. Kg2 Kc7 48. Rb3 Kd6 49. Kh2 Ke5 50. Rb5+ Kf4 51. Kg2 Kg4 52. Rb4+ Kxf5 53. Kh2 Ke5 54. Kg2 Kd5 55. Kh2 Kc5 56. Rb7 Kc4 57. Kg2 Kc3 58. Rc7+ Kd4 59. Rd7+ Ke5 60. Rb7 g5 61. hxg5 hxg5 62. Kh2 Kf5 63. Kg2 Kg4 64. Rb4+ Kh5 65. Rb5 Kh4 66. Kh2 g4 67. Kg2 g3 68. Rb4+ Kg5 69. Rb3 Kf4 70. Rb4+ Ke5 71. Rb3 Kd4 72. Rb6 Kc3 73. Rc6+ Kb4 74. Rb6+ Ka5 75. Rb8 Ka6 76. Rb3 Ka7 77. Rb4 Ka6 78. Rb3 Ka5 79. Rb8 Ka4 80. Rb7 Ka3 81. Ra7+ Kb3 82. Rb7+ Ka2 83. Ra7+ Kb3 84. Rb7+ Kc4 85. Rc7+ Kd5 86. Rb7 Ke4 87. Rb8 Kf4 88. Rb4+ Ke3 89. Rb3+ Kd2 90. Rb8 Kc2 91. Rc8+ Kd1 92. Rd8+ Kc1 93. Rc8+ Kd2 94. Rd8+ Ke3 95. Re8+ Kf4 96. Rf8+ Kg5 97. Rg8+ Kf6 98. Rb8 Ke6 99. Rb6+ Kd5 100. Rb5+ Kc4 101. Rb8 Kc3 102. Rc8+ Kb4 103. Rb8+ Kc5 104. Rc8+ Kd5 105. Rd8+ Ke6 106. Re8+ Kd7 107. Rb8 Re1 108. Rxb2 Re3 109. Rb4 Ke6 110. Rg4 Kf5 111. Rxg3 Re2+ 112. Kh3 Ra2 113. Rg2 Ra3+ 114. Rg3 Ra1 115. Kg2 Kf4 116. Rf3+ Kg4 117. Rf2 Rd1 118. Ra2 Kf4 119. Ra4+ Ke3 120. Ra3+ Rd3 121. Rxd3+ Kxd3 1/2-1/2

[Event "Titled Tuesday intern op 23rd June"]
[Site "Chess.com INT"]
[Date "2020.06.23"]
[Round "2"]
[White "Ajay, Karthikeyan"]
[Black "Moll, Arne"]
[Result "1-0"]
[WhiteElo "2315"]
[BlackElo "2217"]
[PlyCount "79"]
[EventDate "2020.06.23"]
[EventType "swiss (blitz)"]
[EventRounds "10"]
[EventCountry "USA"]
[SourceTitle "CBM 197 Extra"]
[Source "ChessBase"]
[SourceDate "2020.09.30"]
[SourceVersion "1"]
[SourceVersionDate "2020.09.30"]
[SourceQuality "1"]

1. d4 d5 2. c4 e6 3. Nc3 Nf6 4. cxd5 Nxd5 5. e4 Nxc3 6. bxc3 c5 7. Nf3 cxd4 8. cxd4 Bb4+ 9. Bd2 Bxd2+ 10. Qxd2 0-0 11. Bc4 b6 12. 0-0 Bb7 13. Rfe1 Nd7 14. Rad1 Rc8 15. Bb3 Nf6 16. Qf4 Qc7 17. Qh4 Rfd8 18. Ng5 h6 19. Nxe6 fxe6 20. Bxe6+ Kh8 21. Bxc8 Qxc8 22. d5 Re8 23. f3 Qc3 24. Rc1 Qd4+ 25. Qf2 Qb4 26. Red1 Nd7 27. Qd4 Qd6 28. Re1 Ne5 29. f4 Nc6 30. Qf2 Nb4 31. Rcd1 Ba6 32. e5 Qf8 33. d6 Nd3 34. Rxd3 Bxd3 35. Qd4 Bb5 36. e6 Qf5 37. d7 Rd8 38. e7 Rxd7 39. e8Q+ Kh7 40. Qde4 1-0

[Event "Titled Tuesday intern op 23rd June"]
[Site "Chess.com INT"]
[Date "2020.06.23"]
[Round "10"]
[White "Martemianov, Iaroslav"]
[Black "Moll, Arne"]
[Result "1-0"]
[WhiteElo "2365"]
[BlackElo "2217"]
[PlyCount "87"]
[EventDate "2020.06.23"]
[EventType "swiss (blitz)"]
[EventRounds "10"]
[EventCountry "USA"]
[SourceTitle "CBM 197 Extra"]
[Source "ChessBase"]
[SourceDate "2020.09.30"]
[SourceVersion "1"]
[SourceVersionDate "2020.09.30"]
[SourceQuality "1"]

1. e4 e5 2. Nf3 d6 3. d4 f5 4. dxe5 fxe4 5. Ng5 d5 6. c4 Bb4+ 7. Bd2 Qxg5 8. Bxb4 d4 9. Qxd4 Nc6 10. Qd2 e3 11. fxe3 Nxb4 12. Qxb4 Qxe3+ 13. Be2 Bg4 14. Qd2 Qxe5 15. 0-0 Bxe2 16. Re1 Qc5+ 17. Kh1 Ne7 18. Qxe2 0-0-0 19. Nc3 Nc6 20. Nd5 Rhf8 21. Rad1 Nb4 22. Qe6+ Kb8 23. Nxb4 Qxb4 24. h3 Qxb2 25. Rb1 Qd4 26. Rxb7+ Kxb7 27. Rb1+ Qb6 28. Rxb6+ axb6 29. Qe4+ Kb8 30. Qxh7 Rd2 31. Qxg7 Rff2 32. a4 Ra2 33. Qg8+ Kb7 34. Qe8 Ka7 35. Qc6 Kb8 36. h4 Rf4 37. Qe8+ Kb7 38. h5 Rh4+ 39. Kg1 Rxc4 40. h6 Rc1+ 41. Kh2 Raa1 42. h7 Rh1+ 43. Kg3 Ra3+ 44. Kf2 1-0

[Event "Titled Tuesday intern op 16th June"]
[Site "Chess.com INT"]
[Date "2020.06.16"]
[Round "8"]
[White "Moll, Arne"]
[Black "Ashiev, Eduard"]
[Result "1/2-1/2"]
[WhiteElo "2217"]
[BlackElo "2202"]
[PlyCount "137"]
[EventDate "2020.06.16"]
[EventType "swiss (blitz)"]
[EventRounds "10"]
[EventCountry "USA"]
[SourceTitle "EXT 2021"]
[Source "ChessBase"]
[SourceDate "2020.10.23"]
[SourceVersion "1"]
[SourceVersionDate "2020.10.23"]
[SourceQuality "1"]

1. e4 e5 2. d4 exd4 3. Qxd4 Nc6 4. Qe3 d6 5. Nc3 g6 6. Bd2 Bg7 7. 0-0-0 Nf6 8. h3 0-0 9. g4 Re8 10. Bc4 Be6 11. Bxe6 Rxe6 12. g5 Nxe4 13. Nxe4 Qe8 14. Re1 d5 15. f3 dxe4 16. fxe4 Ne5 17. Bc3 Qa4 18. Bxe5 Bxe5 19. Qb3 Qxb3 20. axb3 Bf4+ 21. Kb1 Bxg5 22. Nf3 Bf6 23. Re2 Rae8 24. Rhe1 Be5 25. Rd1 Rd6 26. Rd3 f6 27. Rxd6 Bxd6 28. Nd4 a6 29. c4 Kg7 30. Kc2 Be5 31. Nf3 Rd8 32. Nxe5 fxe5 33. Kc3 Rd4 34. b4 g5 35. b3 Kg6 36. c5 c6 37. Re3 h5 38. Re1 g4 39. h4 g3 40. Rg1 Rxe4 41. Rxg3+ Rg4 42. Rh3 Kf5 43. Kd3 Kf4 44. Rh1 Rg3+ 45. Kc4 e4 46. Rf1+ Rf3 47. Rg1 Rg3 48. Rf1+ Ke5 49. Rf7 Rg4 50. Rxb7 Rxh4 51. Re7+ Kf4 52. Re6 Kf3 53. Rxc6 e3+ 54. Kd3 Rf4 55. Re6 Kf2 56. Rxe3 Rxb4 57. Re5 h4 58. Rf5+ Kg3 59. c6 h3 60. c7 Rxb3+ 61. Kc4 Rb1 62. Rg5+ Kf4 63. Rh5 Rc1+ 64. Kb4 Rxc7 65. Rxh3 Ke4 66. Ka5 Kd5 67. Kxa6 Rc1 68. Rh5+ Ke4 69. Rh4+ 1/2-1/2

[Event "Titled Tuesday intern op 16th June"]
[Site "Chess.com INT"]
[Date "2020.06.16"]
[Round "1"]
[White "Moll, Arne"]
[Black "Donchenko, Alexander"]
[Result "0-1"]
[WhiteElo "2217"]
[BlackElo "2646"]
[PlyCount "46"]
[EventDate "2020.06.16"]
[EventType "swiss (blitz)"]
[EventRounds "10"]
[EventCountry "USA"]
[SourceTitle "EXT 2021"]
[Source "ChessBase"]
[SourceDate "2020.10.23"]
[SourceVersion "1"]
[SourceVersionDate "2020.10.23"]
[SourceQuality "1"]

1. e4 c6 2. Bc4 d5 3. Bb3 dxe4 4. Qh5 g6 5. Qh4 Nf6 6. Nc3 Bf5 7. f3 exf3 8. Nxf3 Bg7 9. d4 Nbd7 10. 0-0 Nb6 11. Bh6 Bxh6 12. Qxh6 Nbd5 13. Rae1 Qd6 14. Ne5 Be6 15. Nc4 Qc7 16. Nxd5 Nxd5 17. Ne5 Rf8 18. Qxh7 0-0-0 19. Nxg6 fxg6 20. Rxf8 Rxf8 21. Rxe6 Qf4 22. h3 Qxd4+ 23. Kh1 Rf1+ 0-1

[Event "Titled Tuesday intern op 6th June"]
[Site "Chess.com INT"]
[Date "2020.06.02"]
[Round "8"]
[White "Moll, Arne"]
[Black "Hrabinska, Myroslava"]
[Result "1-0"]
[WhiteElo "2217"]
[BlackElo "2235"]
[PlyCount "63"]
[EventDate "2020.06.02"]
[EventType "swiss (blitz)"]
[EventRounds "10"]
[EventCountry "USA"]
[SourceTitle "CBM 196 Extra"]
[Source "ChessBase"]
[SourceDate "2020.07.31"]
[SourceVersion "1"]
[SourceVersionDate "2020.07.31"]
[SourceQuality "1"]

1. e4 c5 2. Nf3 Nc6 3. d4 cxd4 4. Nxd4 e5 5. Nb5 d6 6. N1c3 a6 7. Na3 b5 8. Nd5 Nge7 9. Bg5 f6 10. Qh5+ g6 11. Nxf6+ Kf7 12. Qf3 Nd4 13. Qg3 h6 14. Be3 Kxf6 15. f4 Nec6 16. c3 Ne6 17. f5 gxf5 18. exf5 Ng5 19. 0-0-0 Bxf5 20. Bd3 Bxd3 21. Rxd3 Qd7 22. Rf1+ Ke7 23. Bxg5+ hxg5 24. Qxg5+ Ke8 25. Qg6+ Kd8 26. Qf6+ Kc7 27. Qxh8 e4 28. Rh3 b4 29. Nc4 d5 30. Rxf8 Rxf8 31. Qxf8 Ne7 32. Rh7 1-0

[Event "Titled Tuesday intern op 6th June"]
[Site "Chess.com INT"]
[Date "2020.06.02"]
[Round "3"]
[White "Moll, Arne"]
[Black "Tamarozi, Isabelle"]
[Result "1-0"]
[WhiteElo "2217"]
[BlackElo "1981"]
[PlyCount "63"]
[EventDate "2020.06.02"]
[EventType "swiss (blitz)"]
[EventRounds "10"]
[EventCountry "USA"]
[SourceTitle "CBM 196 Extra"]
[Source "ChessBase"]
[SourceDate "2020.07.31"]
[SourceVersion "1"]
[SourceVersionDate "2020.07.31"]
[SourceQuality "1"]

1. e4 c5 2. Nf3 Nc6 3. d4 cxd4 4. Nxd4 g6 5. Nc3 Bg7 6. Be3 Nf6 7. f4 0-0 8. e5 Ne8 9. Bc4 d5 10. Nxd5 Nxd4 11. Qxd4 Be6 12. 0-0-0 Rc8 13. Bb3 a5 14. Nb6 Qxd4 15. Rxd4 Rc6 16. Bxe6 Rxe6 17. Nd7 f6 18. Nxf8 Kxf8 19. Rd8 fxe5 20. fxe5 Rxe5 21. Rf1+ Bf6 22. Bd4 Re6 23. Bxf6 exf6 24. Kd2 Ke7 25. Rb8 Nd6 26. Re1 h5 27. Rxe6+ Kxe6 28. b3 a4 29. c4 axb3 30. axb3 Ke5 31. Kd3 Ne4 32. Re8+ 1-0

[Event "Titled Tuesday intern op 6th June"]
[Site "Chess.com INT"]
[Date "2020.06.02"]
[Round "1"]
[White "Nasuta, Grzegorz"]
[Black "Moll, Arne"]
[Result "1-0"]
[WhiteElo "2558"]
[BlackElo "2217"]
[PlyCount "93"]
[EventDate "2020.06.02"]
[EventType "swiss (blitz)"]
[EventRounds "10"]
[EventCountry "USA"]
[SourceTitle "CBM 196 Extra"]
[Source "ChessBase"]
[SourceDate "2020.07.31"]
[SourceVersion "1"]
[SourceVersionDate "2020.07.31"]
[SourceQuality "1"]

1. e4 e5 2. Nf3 d6 3. d4 f5 4. exf5 e4 5. Nfd2 Bxf5 6. f3 d5 7. Nc3 Nf6 8. fxe4 dxe4 9. Nc4 Nc6 10. d5 Nb4 11. Ne3 Bg6 12. a3 Na6 13. Bb5+ Kf7 14. 0-0 Bc5 15. Kh1 Rf8 16. Ng4 Kg8 17. Bg5 Nxg4 18. Qxg4 Qd6 19. Nxe4 Qe5 20. Nc3 Bxc2 21. Qe6+ Qxe6 22. dxe6 c6 23. Bc4 Kh8 24. Rxf8+ Rxf8 25. e7 Re8 26. Bf7 Bxe7 27. Re1 Rf8 28. Rxe7 Bg6 29. Bc4 Nc5 30. Be3 Nd3 31. Bxd3 Bxd3 32. h3 Ba6 33. Bd4 Rg8 34. Ne4 h6 35. Nd6 Kh7 36. Nf5 Bd3 37. Nxg7 Kg6 38. Ne6 Kf5 39. Ng7+ Kg6 40. Ne8 Bc4 41. Rg7+ Rxg7 42. Nxg7 Bd5 43. Kg1 a6 44. Ne8 Kg5 45. Nf6 c5 46. Bc3 b5 47. Nxd5 1-0

[Event "Titled Tuesday intern op 26th May"]
[Site "Chess.com INT"]
[Date "2020.05.26"]
[Round "2"]
[White "Moll, Arne"]
[Black "Florescu, Codrut Constantin"]
[Result "0-1"]
[WhiteElo "2217"]
[BlackElo "2293"]
[PlyCount "132"]
[EventDate "2020.05.26"]
[EventType "swiss (blitz)"]
[EventRounds "10"]
[EventCountry "USA"]
[SourceTitle "CBM 196 Extra"]
[Source "ChessBase"]
[SourceDate "2020.07.31"]
[SourceVersion "1"]
[SourceVersionDate "2020.07.31"]
[SourceQuality "1"]

1. e4 c5 2. Nf3 e6 3. d4 cxd4 4. Nxd4 Nf6 5. Nc3 d6 6. g3 d5 7. exd5 exd5 8. Bg2 Be7 9. 0-0 0-0 10. Bg5 Nc6 11. Re1 Bg4 12. Qd2 h6 13. Bxf6 Bxf6 14. Ncb5 a6 15. Nxc6 bxc6 16. Nd4 Qb6 17. c3 a5 18. h3 Bd7 19. Rad1 a4 20. a3 Rab8 21. Re2 Rfd8 22. Rde1 c5 23. Nf3 Be6 24. Ne5 Bxe5 25. Rxe5 Qxb2 26. Qxb2 Rxb2 27. Rd1 d4 28. Rxc5 d3 29. c4 d2 30. Bd5 Bxh3 31. f3 Bf5 32. Kf2 Bg6 33. Rc7 Re8 34. Rd7 Rc2 35. Be4 Bxe4 36. fxe4 Rxe4 37. Rd8+ Kh7 38. R8xd2 Rxd2+ 39. Rxd2 Rxc4 40. Rd7 f6 41. Ra7 Rc2+ 42. Kf1 Rc3 43. Rxa4 Rxg3 44. Ra8 h5 45. a4 Ra3 46. a5 h4 47. Kg1 Kg6 48. a6 Kg5 49. Kg2 g6 50. a7 f5 51. Kh2 Ra2+ 52. Kh3 Kf4 53. Rg8 Ra3+ 54. Kh2 Rxa7 55. Rxg6 Kf3 56. Kh3 f4 57. Kxh4 Kf2 58. Kg4 f3 59. Rf6 Rg7+ 60. Kh3 Ke2 61. Re6+ Kf1 62. Kh2 f2 63. Rf6 Rh7+ 64. Kg3 Kg1 65. Rxf2 Rg7+ 66. Kf3 Rf7+ 0-1

[Event "Catalunya-chT Gp1"]
[Site "Barcelona"]
[Date "2020.02.22"]
[Round "6.8"]
[White "Moll, Arne"]
[Black "Sorroche Martin, Jose Maria"]
[Result "1-0"]
[WhiteElo "2205"]
[BlackElo "2169"]
[PlyCount "67"]
[EventDate "2020.01.18"]
[EventType "team-tourn"]
[EventRounds "7"]
[EventCountry "ESP"]
[SourceTitle "CBM 195 Extra"]
[Source "ChessBase"]
[SourceDate "2020.05.31"]
[SourceVersion "1"]
[SourceVersionDate "2020.05.31"]
[SourceQuality "1"]
[WhiteTeam "Tres Peons"]
[BlackTeam "Sant Cugat"]
[WhiteTeamCountry "ESP"]
[BlackTeamCountry "ESP"]

1. e4 e6 2. d4 d5 3. Nc3 h6 4. Bd3 a6 5. Nf3 Bb4 6. 0-0 Nc6 7. Qe2 Nge7 8. Bd2 0-0 9. Rad1 b5 10. a4 Bxc3 11. Bxc3 b4 12. Bd2 a5 13. Rfe1 dxe4 14. Qxe4 f5 15. Qh4 Nd5 16. Qg3 Qd6 17. Ne5 Rf6 18. c4 bxc3 19. bxc3 Ba6 20. Bxa6 Rxa6 21. Qd3 Ra8 22. Qb5 Nd8 23. c4 c6 24. Qc5 Qxc5 25. dxc5 Nb4 26. Nd7 Nb7 27. Nxf6+ gxf6 28. Bxb4 axb4 29. Rxe6 Nxc5 30. Rxc6 Ne4 31. Rb6 Rxa4 32. f3 Nc5 33. Rd5 Na6 34. Rb7 1-0

[Event "Catalunya-chT Gp1"]
[Site "Barcelona"]
[Date "2020.01.18"]
[Round "1.7"]
[White "Fernandez Madrid, Carlos"]
[Black "Moll, Arne"]
[Result "1/2-1/2"]
[WhiteElo "2128"]
[BlackElo "2205"]
[PlyCount "36"]
[EventDate "2020.01.18"]
[EventType "team-tourn"]
[EventRounds "7"]
[EventCountry "ESP"]
[SourceTitle "CBM 194 Extra"]
[Source "ChessBase"]
[SourceDate "2020.03.31"]
[SourceVersion "1"]
[SourceVersionDate "2020.03.31"]
[SourceQuality "1"]
[WhiteTeam "Badalona Cor de Marina"]
[BlackTeam "Tres Peons"]
[WhiteTeamCountry "ESP"]
[BlackTeamCountry "ESP"]

1. d4 d5 2. c4 e6 3. Nc3 a6 4. cxd5 exd5 5. Nf3 h6 6. Qc2 Nf6 7. g3 Be6 8. Bg2 Bd6 9. 0-0 Nbd7 10. Nh4 b5 11. Nf5 0-0 12. Nxd6 cxd6 13. Bf4 Nb6 14. Rac1 Rc8 15. Qd3 Qd7 16. b3 Bh3 17. Bxh3 Qxh3 18. Qf3 Qe6 1/2-1/2

[Event "Catalunya-chT GpB final"]
[Site "Barcelona"]
[Date "2019.03.09"]
[Round "1.4"]
[White "Moll, Arne"]
[Black "Torrecillas Martinez, Antonio"]
[Result "1-0"]
[WhiteElo "2189"]
[BlackElo "2322"]
[PlyCount "83"]
[EventDate "2019.03.09"]
[EventType "team-tourn"]
[EventRounds "4"]
[EventCountry "ESP"]
[SourceTitle "EXT 2020"]
[Source "ChessBase"]
[SourceDate "2019.10.17"]
[SourceVersion "1"]
[SourceVersionDate "2019.10.17"]
[SourceQuality "1"]
[WhiteTeam "Tres Peons"]
[BlackTeam "Foment Martinenc"]
[WhiteTeamCountry "ESP"]
[BlackTeamCountry "ESP"]

1. b3 e5 2. Bb2 Nc6 3. e3 Nf6 4. Bb5 Bd6 5. Na3 a6 6. Bxc6 dxc6 7. Nc4 Qe7 8. Ne2 b5 9. Nxd6+ cxd6 10. 0-0 0-0 11. f4 e4 12. Ng3 d5 13. f5 a5 14. Rf4 a4 15. b4 g5 16. Rf2 Ne8 17. f6 Qxb4 18. Bc3 Qd6 19. Qh5 b4 20. Qxg5+ Kh8 21. Be5 Qe6 22. Bd4 Rg8 23. Qh6 Rb8 24. Nf5 Rg6 25. Qf4 Rb5 26. Ne7 c5 27. Nxg6+ hxg6 28. Be5 Kg8 29. Qg5 d4 30. Rf4 dxe3 31. Rh4 Qf5 32. Qh6 Qf2+ 33. Kh1 Qxh4 34. Qxh4 exd2 35. Qxe4 c4 36. Bc3 Nd6 37. Qc6 bxc3 38. Qxd6 Rf5 39. Qd8+ Kh7 40. Qxc8 Re5 41. Qh3+ Kg8 42. Qxc3 1-0